00306nam a2200109Ia 4500008004000000082001300040100001700053245004000070260005900110300000700169650002000176210210b1962 xxu||||| |||| 00| 0 eng d a374 DUTN aDUTTA (S C). aNew dimensions in social education. aNew Delhi.bIndian Adult Education Association.,c1962 a60 aAdult education